000 00429cam a2200169ua 4500
020 _c13.20
041 _aeng
_h
082 _a657.42
_bGIL/ST
100 _aGillesple, Cecil .
245 _aStandard and Direct costing /
_cCecil Gillesple.
_hTextual Documents
260 _aNew Delhi :
_bPrentice Hall of India ltd ,
_c1965.
300 _a337 ; .
365 _a13.20
504 _a
942 _cBK
999 _c774
_d774